| 000 | 00701nam a2200229Ia 4500 | ||
|---|---|---|---|
| 001 | 15990 | ||
| 003 | GE_BSU | ||
| 008 | 181216s||||||||xx |||||||||||||| ||und|| | ||
| 040 | _cGE_BSU | ||
| 080 | _a821.353.1-32 | ||
| 100 | _aხოფერია, ჯემალ | ||
| 245 | _aროდესაც მეძახი | ||
| 245 | _bმოთხრობა | ||
| 245 | _cრედ.გ.მაჭუტაძე.მხ.თ.დიასამიძე | ||
| 260 | _aბათუმი | ||
| 260 | _bსაბჭ. აჭარა | ||
| 260 | _c1971 | ||
| 300 | _a182გვ. ; 16სმ | ||
| 653 | _aმოთხრობა | ||
| 653 | _aროდესაც მეძახი | ||
| 942 | _cBK | ||
| 999 |
_c49083 _d49083 |
||